Umar bin al-Khattab : the conqueror

Bibliographic Details
Main Author: Syarqawi, Abdurrahman Asy
Format: Book
Published: Selangor : Yamani Angle Sdn. Bhd , 2011
Subjects:

MARC

LEADER 00000cam a2200000 7i4500
001 0000038837
005 20131126.0
008 131126
020 |a 9675370205 
090 0 0 |a 297.648   |b SYA 
100 1 |a Syarqawi, Abdurrahman Asy 
245 1 0 |a Umar bin al-Khattab :   |b the conqueror   |c Abdurrahman Asy Syarqawi 
260 |a Selangor :   |b Yamani Angle Sdn. Bhd ,   |c 2011 
650 0 |a Caliphs 
650 0 |a Muhammad, Prophet   |x Companions 
650 0 |a Umar ibn al-Khattab, caliph 
999 |a 000125049   |b Book   |c Adult Collection   |e Cawangan Segamat 
999 |a 0001252051   |b Book   |c Adult Collection   |e Cawangan Tmn. Ungku Tun Aminah 
999 |a 0001252053   |b Book   |c Adult Collection   |e Cawangan Mersing 
999 |a 0001252059   |b Book   |c Adult Collection   |e Cawangan Bandar Tenggara 
999 |a 0001252060   |b Book   |c Adult Collection   |e Cawangan Muar 
999 |a 0001255583   |b Book   |c Adult Collection   |e Cawangan Urban Transformation Centre 
999 |a 0001255584   |b Book   |c Adult Collection   |e Cawangan Urban Transformation Centre 
999 |a 0001255700   |b Book   |c Adult Collection   |e Cawangan Urban Transformation Centre 
999 |a 0001255701   |b Book   |c Adult Collection   |e Perbadanan Perpustakaan Awam Johor